000 00698nam a2200121Ia 4500
008 220615s9999||||xx |||||||||||||| ||und||
100 _aEllen, Roy
245 0 _aNuaulu Religious Practices; The frequency and reproduction of rituals in a Moluccan society
546 _aEnglish[eng]
650 _asociology||religious tension||indonesia||rituals||religious practices||religion||maluku||ethnography||Bamboo||Betel||Cuscus||Kaaba||Matoke||Nuaulu people||Puberty||Sago
856 _uhttps://library.oapen.org/bitstream/20.500.12657/34513/1/421930.pdf||https://library.oapen.org/bitstream/20.500.12657/34513/1/421930.pdf||https://library.oapen.org/bitstream/20.500.12657/34513/1/421930.pdf
942 _cEB
999 _c12732
_d12732